Les drapeaux des pays qui font la Coupe du Monde - Statistiques

Statistiques générales
  • Ce quiz a été pris 73 fois
  • Le résultat moyen est 38 sur 48
Statistiques - réponses
Par images Réponse % Correct
Mexique
100%
Canada
98%
Corée du sud
98%
Maroc
98%
Afrique du sud
97%
Brésil
97%
Suisse
95%
Belgique
92%
Espagne
92%
Japon
92%
Allemagne
91%
France
91%
Turquie
91%
Argentine
88%
Australie
88%
Ecosse
88%
Tunisie
88%
Egypte
86%
Pays Bas
86%
Qatar
86%
Norvège
85%
Nouvelle Zélande
85%
Portugal
85%
République tchèque
83%
Bosnie herzégovine
82%
Suède
82%
Uruguay
82%
Algérie
80%
Croatie
80%
Iran
80%
Sénégal
80%
Arabie Saoudite
78%
Equateur
77%
Autriche
74%
Colombie
74%
Cote d'ivoire
74%
Angleterre
72%
Haïti
71%
République démocratique du Congo
68%
Irak
66%
Paraguay
65%
Panama
60%
Ghana
58%
Etats Unis
55%
Ouzbékistan
54%
Cap Vert
48%
Jordanie
48%
Curaçao
34%
Aucun quiz correspondant
Distribution des résultats
% des personnes avec chaque résultat
Percentile par nombre de réponses
Votre historique - résultats
Vous n’avez pas pris ce quiz